Da liberdade necessária e outros textos (Registo nº 21597)

Detalhes MARC
000 -Etiqueta do registo
Valores 00934nam a22002411i 4500
090 ## -
-- 21597
010 ## - Número ISBN
ISBN 9789722714860
100 ## - Dados gerais de processamento
Dados gerais 20170304u u u0frey50 ba
101 0# - Língua de publicação
-- por
200 1# - Titulo e menção de responsabilidade
Primeira menção de responsabilidade José Marinho
Título próprio Da liberdade necessária e outros textos
215 ## - Descrição física 
Paginação / Volumes vol.
Dimensões 24 cm
210 ## - Publicação
Nome do editor Imprensa Nacional-Casa da Moeda
Local de publicação Lisboa
Data de publicação imp. 2006
225 2# - Colecção 
Título próprio da colecção Obras de José Marinho
300 ## - Notas gerais 
Texto da nota Oferta de Imprensa Nacional - Casa da Moeda
327 ## - Nota de conteúdo
Texto da nota Vol. 7: 461, [3] p.
410 #0 -
-- Obras de José Marinho
702 #1 - Autor secundário (pessoa individual)
Apelido Rivera
Nome Jorge Croce
-- 570
700 #1 - Autor principal (pessoa individual)
Apelido Marinho
Nome José
-- 070
Datas 1904-1975
996 ## - ISO2709
-- 0031233
-- MAR VII
-- 00000000
-- 00000000
-- BMVA
-- 1
-- Viana do Alentejo
-- Filosofia
-- 24
-- Livro
-- 0
-- 1
996 ## - ISO2709
-- 0031238
-- MAR VII
-- 00000000
-- 00000000
-- BMVA
-- 1
-- Alcáçovas
-- Filosofia
-- 24
-- Livro
-- 0
-- 1
996 ## - ISO2709
-- 0033467
-- MAR VII
-- 00000000
-- 00000000
-- BMVAAG
-- 4
-- Aguiar
-- Filosofia
-- 24
-- Livro
-- 0
-- 1
990 ## - Elementos KOHA
Tipo de documento Livro
Exemplares
Situação do levantamento Estado Biblioteca de origem Biblioteca de empréstimo Localização na Estante Código de barras Cota Permissão de empréstimo Tipo de documento Nota relativa ao exemplar
  Completo Biblioteca Municipal de Viana Do Alentejo Biblioteca Municipal de Viana Do Alentejo Depósito 0027048 14 MAR VII Disponível Livro Cx.218 vnt
  Completo Biblioteca Municipal de Viana Do Alentejo Biblioteca Municipal de Viana Do Alentejo Depósito 0027043   Disponível Livro caixa 20 vnt
  Completo Biblioteca Municipal de Viana Do Alentejo Biblioteca Municipal de Viana Do Alentejo Pólo Aguiar   0028901 14 MAR VII Disponível Livro  




Powered by Koha